| 000 | 00860nam a2200253 i 4500 | ||
|---|---|---|---|
| 003 | DO-SdBNP | ||
| 005 | 20240405141827.0 | ||
| 006 | a||||gr|||| 00| 0 | ||
| 007 | ta | ||
| 008 | 240405e1987 dr ac||| |||| 00| e spa d | ||
| 040 |
_aDO-SdBNP _bspa _cBNPHUI _erda |
||
| 082 | 4 |
_222 _bM268f |
|
| 245 | 1 | 0 |
_aFamilias ocoeñas/ _cSonia Margarita Mancebo Tejeda, Alexis Ortíz Read. |
| 264 | 2 |
_aBaní, República Dominicana : _bPopulares Cosas, _c1987 |
|
| 300 |
_a94 página : _bIlustraciones, retratos ; _c21 cm. |
||
| 336 |
_2rdacoment _atexto _btxt |
||
| 337 |
_2rdamedia _asin mediación _bn |
||
| 338 |
_2rdacarrier _avolumen _bnc |
||
| 500 | _aIncluye datos biográficos de los aurtores en la contrcubierta. | ||
| 500 | _aLa biblioteca posee el tomo I. | ||
| 590 | _aInventariado 2024 / MF | ||
| 700 | 1 |
_aRead Ortiz, Alexis _979261 _easutor |
|
| 942 |
_2ddc _cLBS1 |
||
| 999 |
_c56274 _d56274 |
||